| 000 | 00459nam a2200157Ia 4500 | ||
|---|---|---|---|
| 008 | 170221s9999 xx 000 0 und d | ||
| 100 | _aBoyang Zhang | ||
| 245 | _aHow and Why Some Issues Spread Fast In Social Media | ||
| 245 | _cBoyang Zhang, Marita Vos | ||
| 260 | _bOnline Journal of Communication and Media Technologies | ||
| 260 | _c2015 | ||
| 300 | _a5 : 1 | ||
| 650 | _xCommunication | ||
| 650 | _xMedia Arts | ||
| 856 | _uhttp://www.ojcmt.net/ | ||
| 999 |
_c307036 _d307036 |
||